0000 To 8085 Introduction To Microprocessor For Engineers And Scientists (Record no. 166219)
[ view plain ]
| 000 -LEADER | |
|---|---|
| fixed length control field | 00520nam a2200169Ia 4500 |
| 008 - FIXED-LENGTH DATA ELEMENTS--GENERAL INFORMATION | |
| fixed length control field | 230612s9999 xx 000 0 und d |
| 041 ## - LANGUAGE CODE | |
| Language code of text/sound track or separate title | eng |
| 082 ## - DEWEY DECIMAL CLASSIFICATION NUMBER | |
| Classification number | 004.165 GHO |
| 100 ## - MAIN ENTRY--PERSONAL NAME | |
| Personal name | Ghosh P.K. |
| 9 (RLIN) | 108141 |
| 245 ## - TITLE STATEMENT | |
| Title | 0000 To 8085 Introduction To Microprocessor For Engineers And Scientists |
| 260 ## - PUBLICATION, DISTRIBUTION, ETC. (IMPRINT) | |
| Date of publication, distribution, etc. | 1991 |
| Name of publisher, distributor, etc. | Prentice Hall Of India |
| 300 ## - PHYSICAL DESCRIPTION | |
| Extent | 253 |
| Dimensions | Ref 115 E (2526) |
| 365 ## - TRADE PRICE | |
| Currency code | Rs. |
| Price amount | 89.00 |
| 700 ## - ADDED ENTRY--PERSONAL NAME | |
| Personal name | Ghosh P.K. & Sridhar P.R. |
| 9 (RLIN) | 184839 |
| 906 ## - LOCAL DATA ELEMENT F, LDF (RLIN) | |
| d | B:22822-Jun-1993 |
| c | ETC |
| b | 13.35 |
| Withdrawn status | Lost status | Damaged status | Not for loan | Home library | Current library | Date acquired | Vendor | Budget Code | Cost, normal purchase price | Bill number | Full call number | Barcode | Date last seen | Discount | Cost, replacement price | Bill Date | Koha item type | Original Barcode |
|---|---|---|---|---|---|---|---|---|---|---|---|---|---|---|---|---|---|---|
| Withdrawn | Cummins College of Engineering for Women Pune | Cummins College of Engineering for Women Pune | 28/06/1993 | Pradeep Book Distributors | ETC | 75.65 | 228 | 004.165 GHO | CCEP-BK-1937 | 12/06/2023 | 13.35 | 89.00 | 22/06/1993 | Books | 001937 |